| 000 | 00716cgm a22002057a 4500 | ||
|---|---|---|---|
| 005 | 20201125063855.0 | ||
| 007 | vd cgaizm | ||
| 008 | 140923t2014 xxx f |||| 0| vleng d- | ||
| 020 | _a9781133317272 | ||
| 040 | _aEG-ScBUE | ||
| 082 | 0 | 0 |
_222 _a428.0071 _bBLA |
| 100 | 1 |
_934715 _aBlass, Laurie _d1952- |
|
| 245 | 0 | 0 |
_aPathways 2 _h[videorecording] / _breading, writing and critical thinking : presentation tool / _cLaurie Blass, Mari Vargo. |
| 246 | 3 | _aPathways two | |
| 260 |
_a[S. l.] : _bNational Geographic Learning : _bHeinle Cengage Learning, _cc.2014. |
||
| 300 |
_a1 videodisc : _bsd., col. ; _c4 3/4 in. |
||
| 653 |
_bEEENG _cSeptember2014 |
||
| 700 | 1 |
_936085 _aVargo, Mari |
|
| 942 |
_2ddc _cDVD _k428.0071 BLA |
||
| 999 |
_c18405 _d18377 |
||